Elementi di grammatica generale applicati alle due lingue italiana e latina

Gespeichert in:
Bibliographische Detailangaben
1. Verfasser: Franchi, Ausonio (VerfasserIn)
Format: Buch
Sprache:Italienisch
Erschienen: Genova : Co' tipi del R.I. de' sordo-muti, 1850-
Ausgabe:2. ed
Katalog:EDISCO:  Suchergebnis im Bibliothekskatalog
Schulbuchspezifische Eigenschaften:
Schlagworte:
Tags: Tag hinzufügen
Keine Tags, Fügen Sie den ersten Tag hinzu!
Hinzugefügt zu:17.11.2024
Geändert in:17.07.2025

MARC

LEADER 00000nam a22000007ia4500
001 0499715
003 ItRI
005 20250717115333.0
008 241118s1850 it |||||| ||||| |||||c
040 |b ita  |c Polo_Uto 
041 7 |a ita  |2 ISO-639-2 
100 1 |a Franchi, Ausonio  |0 IT\ICCU\LO1V\053250  |4 Author  |9 4457 
245 1 0 |a Elementi di grammatica generale applicati alle due lingue italiana e latina /  |c P. Cristoforo Bonavino. 
250 |a 2. ed 
260 |a Genova :  |b Co' tipi del R.I. de' sordo-muti,  |c 1850- 
300 |a v. ;  |c 19 cm 
650 |a Italiano  |a Latino 
655 |a Grammatica 
690 |a Gioventù studiosa  |9 6 
942 |2 ddc  |c BK 
981 1 |6 z01  |a i   |b xxxe  
982 1 |6 z01  |a n 
999 |c 25152  |d 25152 
999 |c edisco:25152  |d 25152